| 000 | 00848cam a2200229 a 4500 | ||
|---|---|---|---|
| 001 | 000009190 | ||
| 005 | 20200929161520.0 | ||
| 008 | 780504s1968 ve 001 f spa | ||
| 040 |
_aDO-SdBNP _bspa _cDLC _dBNPHU |
||
| 082 |
_aVe863.44 _bP259j |
||
| 100 | 1 |
_aParra, Esdras. _d1939-2004 _923867 |
|
| 245 | 1 | 0 |
_aJuego limpio : _brelatos / _cEsdras Parra. |
| 260 |
_aCaracas, (Venezuela) : _bMonte Avila, _c1968. |
||
| 300 |
_a125 p. ; _c18 cm. |
||
| 490 | 1 |
_aContinente _v3 |
|
| 505 | 0 | _aParte de su ser recorría aún el otro territorio.--El insurgente.--Perseo.--Deserción.--La llegada del fin.--Junto a los dioses.--Por el norte el mar de las Antillas.--Juego limpio. | |
| 650 | 4 |
_aNovela venezolana _93962 |
|
| 650 | 4 |
_aLiteratura venezolana _93816 |
|
| 830 | 0 |
_aContinente ; _v3 _95070 |
|
| 910 | _aCatalogación por copia / LC | ||
| 049 | _aBNGR | ||
| 999 |
_c8953 _d8953 |
||